| 000 | 00776nam a22001817a 4500 | ||
|---|---|---|---|
| 999 |
_c371734 _d371734 |
||
| 008 | 201127b ||||| |||| 00| 0 eng d | ||
| 040 |
_aDE-2950 _bger _cDE-2950 _erda |
||
| 041 | _ager | ||
| 245 |
_a162 Kilogramm in der Paradedisziplin. _bJon Luke Mau hat den Hermann-Weingärtner-Preis 2021 erhalten. Der Gewichtheber ist im vergangenen Jahr in Moskau U23-Europameister im Stoßen geworden ... / _cFoto: Winfried Mausolf |
||
| 264 | _c2022 | ||
| 653 | _aMau, Jon Luke; Gewichtheber | ||
| 653 | _aHermann-Weingärtner-Preis 2021 | ||
| 773 |
_dFrankfurt (Oder) Märkisches Verlags- und Druckhaus GmbH & Co KG _tMärkische Oderzeitung _g33. Jahrgang (2022) Nr. 156 vom 07.07.2022, S. 17 |
||
| 942 | _cA | ||